[Event "39th Olympiad Women"]
[Site "Khanty-Mansiysk RUS"]
[Date "2010.10.03"]
[Round "11"]
[White "Dauletova,G"]
[Black "Heinatz,G"]
[Result "1-0"]
[WhiteElo "2235"]
[BlackElo "2228"]

1.e4 d6 2.d4 g6 3.Nc3 Bg7 4.Nge2 a6 5.a4 Nf6 6.h3 O-O 7.g3 e5 8.Bg2 Nc6 9.Be3 exd4
10.Nxd4 Ne5 11.O-O Nc4 12.Bc1 Rb8 13.Qe2 Nb6 14.Rd1 Re8 15.Be3 Qe7 16.a5 Nbd7
17.Nb3 Ne5 18.f4 Nc6 19.Re1 Bd7 20.g4 h5 21.g5 Nh7 22.Nd5 Qd8 23.c3 Ne7 24.Qd2 Nxd5
25.exd5 c5 26.Qf2 Bf5 27.Nd2 Qd7 28.Kh2 Qb5 29.Ra2 Re7 30.Bf1 Qd7 31.Nc4 Rbe8
32.Raa1 Be4 33.Rad1 Bf8 34.b4 cxb4 35.cxb4 Bf5 36.Nb6 Qd8 37.b5 Bg7 38.bxa6 bxa6
39.Bxa6 f6 40.h4 fxg5 41.hxg5 Nxg5 42.fxg5 Bg4 43.Rc1 Be5+ 44.Kg1 Rf8 45.Qg2 Ref7
46.Rf1 Qe7 47.Rxf7 Rxf7 48.Rf1 Bf5 49.Nc4 Bc3 50.Qg3 Bd3 51.Rc1 Bxc4 52.Bxc4 Bxa5
53.Bd3 Kh7 54.Rf1 Rxf1+ 55.Bxf1 Qe4 56.Bg2 Qe7 57.Qf4 Bc3 58.Qe4 Be5 59.Bf4 Qa7+
60.Kh2 Bxf4+ 61.Qxf4 Qa1 62.Qxd6 Qe1 63.Qf4  1-0

[Event "H E Atkins Memorial Open"]
[Site "Leicester ENG"]
[Date "2010.10.03"]
[Round "4"]
[White "Reynolds,D"]
[Black "Mangione,C"]
[Result "1/2-1/2"]
[WhiteElo "2051"]
[BlackElo "2087"]

1.e4 g6 2.d4 Bg7 3.Nc3 d6 4.Be3 a6 5.Nf3 b5 6.Bd3 Nd7 7.Ne2 c5 8.c3 Ngf6
9.h3 e5 10.O-O O-O 11.Qd2 Bb7 12.Ng3 cxd4 13.cxd4 d5 14.exd5 Nxd5 15.Bh6 exd4
16.Bxg7 Kxg7 17.Nxd4 Nc5 18.Be2 Qf6 19.Bf3 Rfd8 20.Rad1 Rac8 21.Ne4 Nxe4
22.Bxe4 Ba8 23.Rfe1 Nf4 24.Bxa8 Rxa8 25.Qe3 Re8 26.Qf3 Rad8 27.Rxe8 Rxe8
28.Kh2 Qe5 29.g3 Ne2 30.Nxe2 Qxe2 31.Qc3+ Kg8 32.Qd2  1/2-1/2

[Event "Tatry Open"]
[Site "Tatranske Zruby CZE"]
[Date "2010.10.03"]
[Round "2"]
[White "Vermirovsky,V"]
[Black "Smehlik,J"]
[Result "1-0"]
[WhiteElo "2018"]
[BlackElo "1948"]

1.e4 d6 2.d4 g6 3.Nc3 Bg7 4.Be3 Nf6 5.Qd2 O-O 6.f3 c6 7.h4 b5 8.O-O-O Nbd7
9.Bh6 Nb6 10.h5 b4 11.Nb1 a5 12.hxg6 fxg6 13.Bxg7 Kxg7 14.Qh6+ Kf7 15.e5 Rh8
16.exf6 exf6 17.c4 Nd7 18.Bd3 Nf8 19.Ne2 Bd7 20.Nf4 a4 21.Rhe1 Ra5 22.Re2 f5
23.Rde1 Qf6 24.Re7+ Kg8 25.Nh5  1-0

[Event "Tatry Open"]
[Site "Tatranske Zruby CZE"]
[Date "2010.10.04"]
[Round "4"]
[White "Ptacnik,S"]
[Black "Paur,D"]
[Result "1/2-1/2"]
[WhiteElo "2109"]
[BlackElo "1975"]

1.e4 d6 2.d4 g6 3.Nc3 Bg7 4.Nf3 Nf6 5.h3 O-O 6.Be2 Nbd7 7.O-O c5 8.d5 a6
9.a4 b6 10.Bf4 Ne8 11.Qd2 Nc7 12.Bh6 Nf6 13.Bxg7 Kxg7 14.Rfe1 Bd7 15.e5 dxe5
16.Nxe5 b5 17.Bf3 Rb8 18.axb5 axb5 19.Ra7 Rb6 20.Ne4 Bf5 21.Nxf6 exf6 22.Ng4 Bxg4
23.hxg4 Rd6 24.Rd1 Re8 25.c4 bxc4 26.Qa5 Ne6 27.Qc3 Nd4 28.Qxc4 Nxf3+ 29.gxf3 Qb6
30.Ra3  1/2-1/2

[Event "Tatry Open"]
[Site "Tatranske Zruby CZE"]
[Date "2010.10.06"]
[Round "6"]
[White "Vermirovsky,V"]
[Black "Komlosi,F"]
[Result "1-0"]
[WhiteElo "2018"]
[BlackElo "1902"]

1.e4 d6 2.d4 g6 3.Nc3 Bg7 4.Be3 Nf6 5.Qd2 Ng4 6.Bg5 h6 7.Bh4 c6 8.h3 Nf6
9.f4 O-O 10.Nf3 b5 11.Bd3 Qe8 12.e5 b4 13.Nd1 Nd5 14.c4 bxc3 15.bxc3 Ba6
16.O-O Bxd3 17.Qxd3 Nd7 18.Nd2 f5 19.Rb1 N7b6 20.a4 Nxa4 21.Qc4 Kh7 22.Qxa4 Nb6
23.Qa3 Qd7 24.exd6 exd6 25.Ne3 Rfc8 26.Nec4 Bf8 27.Qb2 Rcb8 28.Qc2 Qe6 29.Rfe1 Qd5
30.Qd3 Nd7 31.Ra1 a5 32.Reb1 Rb5 33.Ne3 Qf7 34.Rxb5 cxb5 35.Qxb5 a4 36.Rxa4 Rxa4
37.Qxa4 Qe6 38.Ndc4 g5 39.fxg5 hxg5 40.Bxg5 Bg7 41.Qc6 Bf8 42.Qf3 Kg6 43.Bf4 Nf6  1-0

[Event "Tatry Open"]
[Site "Tatranske Zruby CZE"]
[Date "2010.10.07"]
[Round "7"]
[White "Jurcisin,I"]
[Black "Belunek,V"]
[Result "1-0"]
[WhiteElo "2048"]
[BlackElo "2278"]

1.e4 g6 2.d4 Bg7 3.Nc3 d6 4.Nf3 a6 5.a4 Nd7 6.Bc4 e6 7.Bg5 Ne7 8.Qd2 h6 9.Be3 b6
10.O-O Bb7 11.Rfe1 Nf6 12.Bf4 Nh5 13.Be3 Nf6 14.Bd3 Ng4 15.Bf4 e5 16.dxe5 Nxe5
17.Nxe5 dxe5 18.Be3 Qd6 19.Red1 g5 20.Qe2 Qg6 21.Qg4 Bc8 22.Qe2 O-O 23.Bc4 Kh8
24.g4 Re8 25.h3 Bf8 26.Rd2 Kg7 27.Rad1 Qc6 28.Bb3 Rb8 29.Bc4 Qb7 30.Qf3 f6
31.Rd8 Qc6 32.Bd5 Rxd8 33.Bxc6 Rxd1+ 34.Qxd1 Nxc6 35.Qd5 Nb4 36.Qc4 Bd6 37.Ne2 b5
38.axb5 axb5 39.Qb3 Bd7 40.Ng3 Nc6 41.Nf5+ Bxf5 42.gxf5 Nd4 43.Bxd4 exd4
44.Qd5 Rd8 45.Qxb5 h5 46.h4 g4 47.Kg2 Be5 48.Qc4 Re8 49.Qc5 Rf8 50.Kf1 Rf7
51.Ke2 Kh6 52.Kd3 g3 53.fxg3 Bxg3 54.Qxd4 Bxh4 55.e5  1-0

[Event "Tatry Open"]
[Site "Tatranske Zruby CZE"]
[Date "2010.10.07"]
[Round "7"]
[White "Silhavy,M"]
[Black "Kebis,M"]
[Result "1/2-1/2"]
[WhiteElo "1750"]
[BlackElo "1994"]

1.e4 g6 2.d4 Bg7 3.Nc3 d6 4.Be3 Nf6 5.f3 O-O 6.Qd2 c6 7.Bd3 e5 8.Nge2 Be6
9.a4 Nbd7 10.O-O Re8 11.Nd1 d5 12.Nf2 Qc7 13.c3 c5 14.Rac1 Rad8 15.b4 b6
16.Bb5 c4 17.dxe5 Nxe5 18.Bxe8 dxe4 19.Bxf7+ Bxf7 20.Nd4 exf3 21.g3 Qd7 22.Bg5 Re8
23.Bxf6 Bxf6 24.Qf4 Bg7 25.Rce1 Bd5 26.b5 Rf8 27.Qe3 h5 28.Rd1 h4 29.Nc6 Nd3
30.Nxd3 hxg3 31.Nf2 gxf2+ 32.Kh1  1/2-1/2

[Event "Tatry Open"]
[Site "Tatranske Zruby CZE"]
[Date "2010.10.07"]
[Round "7"]
[White "Tropp,L"]
[Black "Lachcina,A"]
[Result "1-0"]
[WhiteElo "2018"]
[BlackElo "1877"]

1.e4 d6 2.d4 g6 3.Nc3 Bg7 4.f4 Nf6 5.Nf3 O-O 6.Bd3 e5 7.dxe5 dxe5 8.Nxe5 Re8
9.O-O Nbd7 10.Bc4 Re7 11.Nxf7 Rxf7 12.Bxf7+ Kxf7 13.e5 c6 14.exf6 Qb6+ 15.Kh1 Nxf6
16.h3 Bf5 17.Qe2 Re8 18.Qf2 Qa6 19.Be3 b6 20.Rfe1 c5 21.a3 Qc8 22.Kh2 h5
23.Rad1 Rh8 24.Qg3 Bxc2 25.Rd2 Be4 26.Bxc5 Ng4+ 27.Kh1 Bxc3 28.bxc3 Bxg2+
29.Rxg2 Qxc5 30.hxg4 hxg4+ 31.Rh2 Qd5+ 32.Qg2 Rxh2+ 33.Kxh2 Qh5+ 34.Kg1 Qc5+
35.Kf1 Qxc3 36.Qd5+  1-0

[Event "TCh-ISL Div 1 2010-11"]
[Site "Reykjavik ISL"]
[Date "2010.10.08"]
[Round "1.4"]
[White "Sigurjonsson,J"]
[Black "Johannesson,I"]
[Result "0-1"]
[WhiteElo "2157"]
[BlackElo "2328"]

1.e4 g6 2.d4 Bg7 3.Nc3 d6 4.f4 a6 5.Nf3 Nd7 6.Be3 b5 7.Bd3 Bb7 8.O-O c5 9.dxc5 Nxc5
10.Bxc5 dxc5 11.e5 f5 12.Be2 Qb6 13.Qe1 Nh6 14.Ng5 Nf7 15.Nxf7 Kxf7 16.Rd1 Rhd8
17.Qf2 Rd4 18.Nb1 Rad8 19.Rxd4 cxd4 20.Rd1 Bh6 21.Rd3 Be4 22.Rh3 Bxf4 23.Qxf4 d3+
24.Kf1 dxe2+ 25.Kxe2 Qg1 26.Rxh7+ Ke6 27.Qg3 Qd1+ 28.Ke3 Qc1+  0-1

[Event "TCh-ISL Div 1 2010-11"]
[Site "Reykjavik ISL"]
[Date "2010.10.09"]
[Round "2.2"]
[White "Karlsson,B"]
[Black "Sigurdarson,T"]
[Result "1-0"]
[WhiteElo "2210"]
[BlackElo "2015"]

1.d4 d6 2.e4 g6 3.Nc3 Bg7 4.Be3 Nd7 5.Qd2 e5 6.Nf3 Ne7 7.Bc4 a6 8.dxe5 dxe5
9.O-O-O O-O 10.h4 b5 11.Bb3 c5 12.Bxc5 Qe8 13.Be3 Nf6 14.a3 Bg4 15.Kb1 Nc6
16.Bc5 Nd4 17.Qe3 Bxf3 18.gxf3 Nh5 19.Nd5 Qb8 20.Ba2 Rd8 21.c3 Ne6 22.Ne7+ Kh8
23.Bd5 Qc7 24.Bxa8 Nxc5 25.Rxd8+ Qxd8 26.Qxc5 Qxa8 27.Rd1 Nf4 28.Qc8+ Qxc8
29.Nxc8 Bf6 30.Rd7 Bxh4 31.Nd6 f6 32.Nf7+ Kg8 33.Nh6+ Kh8 34.b4 Bxf2 35.a4 Ne2
36.Kc2 Ng1 37.axb5 axb5 38.Ng4 Bh4 39.Rf7 Kg8 40.Nh6+ Kh8 41.Rb7 Nxf3 42.Rxb5 Kg7
43.Ng4 h5 44.Rb7+ Kf8 45.Ne3 Bf2 46.Kd3 Ne1+ 47.Ke2 Bg3 48.Nf1 Bh4 49.b5 Ng2
50.b6 Ke8 51.Rh7  1-0

[Event "TCh-SWE Elitserien 2010-11"]
[Site "Sweden SWE"]
[Date "2010.10.09"]
[Round "2"]
[White "Jonsson,M"]
[Black "Jepson,C"]
[Result "1-0"]
[WhiteElo "2332"]
[BlackElo "2399"]

1.e4 g6 2.d4 Bg7 3.Nc3 d6 4.f4 Nf6 5.Nf3 O-O 6.Be2 c5 7.dxc5 Qa5 8.O-O Qxc5+
9.Kh1 Nc6 10.Qe1 Bg4 11.Bd3 Nb4 12.Be3 Nxd3 13.cxd3 Qh5 14.Rc1 Rfd8 15.Nd4 Bd7
16.Bg1 Rac8 17.f5 Ng4 18.Nce2 Rxc1 19.Qxc1 Rc8 20.Qe1 g5 21.Rf3 Qh6 22.Nc3 Bxd4
23.Rh3 Bxc3 24.bxc3 Qg7 25.Bd4 Ne5 26.Rg3 h6 27.Qd2 b6 28.h4 f6 29.Be3 Kf8
30.Kg1 Ke8 31.hxg5 hxg5 32.Rh3 Kf7 33.Qe2 Rh8 34.Rh5 Rxh5 35.Qxh5+ Kf8 36.d4 Nc4
37.Bf2 b5 38.Bg3 Be8 39.Qh3 Bf7 40.Qg4  1-0

[Event "4NCL Individual Rapid"]
[Site "Newport Pagnell ENG"]
[Date "2010.10.10"]
[Round "8"]
[White "Clarke,B"]
[Black "Swanson,S"]
[Result "0-1"]
[WhiteElo "2110"]
[BlackElo "2269"]

1.e4 g6 2.d4 Bg7 3.Nc3 d6 4.Be3 a6 5.Qd2 Nd7 6.h4 h5 7.Nh3 b5 8.Ng5 e6 9.O-O-O Nh6
10.f3 Nb6 11.Bd3 Qe7 12.Ne2 Nc4 13.Bxc4 bxc4 14.Qc3 Bd7 15.Nf4 Bb5 16.Qe1 Bd7
17.c3 Rb8 18.Qe2 O-O 19.g4 hxg4 20.fxg4 Rb5 21.Rhg1 Rfb8 22.Rd2 c5 23.Nf3 cxd4
24.Bxd4 e5 25.Nd5 Rxd5 26.exd5 Bxg4 27.Be3 e4 28.Bxh6 Bxf3 29.Qe3 Qxh4 30.Bxg7 Kxg7
31.Rf2 Qh6 32.Qxh6+ Kxh6 33.Rd2 g5 34.Rd4 Rc8 35.Kd2 f5 36.Ke3 f4+ 37.Kf2 g4
38.Rxg4 Bxg4 39.Rxe4 Kg5 40.Re7 Rh8 41.Kg1 Bf3 42.Re6 Rh6 43.Re7 Bxd5 44.Rg7+ Kf5
45.Ra7 Ke4 46.Rxa6 Ke3 47.Rb6 Kf3  0-1

[Event "TCh-ISL Div 1 2010-11"]
[Site "Reykjavik ISL"]
[Date "2010.10.10"]
[Round "4.1"]
[White "Aabling Thomsen,J"]
[Black "Kuzubov,Y"]
[Result "1-0"]
[WhiteElo "2339"]
[BlackElo "2628"]

1.e4 g6 2.Nc3 d6 3.d4 Bg7 4.Be3 c6 5.Qd2 b5 6.f3 Nd7 7.O-O-O Qa5 8.Kb1 Nb6
9.Nce2 Qxd2 10.Bxd2 f5 11.exf5 Bxf5 12.Bc1 Nf6 13.Ng3 Bd7 14.N1e2 O-O 15.h4 Nbd5
16.h5 Rae8 17.hxg6 hxg6 18.Ng1 e5 19.dxe5 Rxe5 20.Bd3 Be8 21.Nh3 Ne3 22.Bxe3 Rxe3
23.Nf4 Ng4 24.Nh3 Nh6 25.Rde1 Re5 26.Ne4 Nf5 27.f4 Re7 28.g4 d5 29.gxf5 dxe4
30.Bxe4 Rf6 31.Ng5 Bf8 32.Bd3 Rxe1+ 33.Rxe1 Bd7 34.fxg6 Bh6 35.Re7 Bg4 36.a4 Rxf4
37.Nf7 Bf8 38.Re8 Kg7 39.axb5 cxb5 40.Ng5 b4 41.Ne6+ Bxe6 42.Rxe6 Rf6 43.Re5 b3
44.cxb3 Bb4 45.Rh5 Rf3 46.Rh7+ Kf8 47.g7+  1-0

[Event "I Memorial Oliver Gonzalez"]
[Site "Madrid ESP"]
[Date "2010.10.14"]
[Round "6"]
[White "Martin Duque,J"]
[Black "Alcazar Jimenez,J"]
[Result "0-1"]
[WhiteElo "2073"]
[BlackElo "2289"]

1.e4 g6 2.d4 Bg7 3.Nc3 d6 4.g3 Nd7 5.Bg2 Ngf6 6.Nge2 O-O 7.O-O e5 8.h3 exd4
9.Nxd4 a6 10.a4 Re8 11.Re1 Rb8 12.a5 Ne5 13.f4 Nc4 14.Qd3 d5 15.Rd1 c6 16.exd5 cxd5
17.g4 Nxa5 18.g5 Ne4 19.Nxe4 dxe4 20.Bxe4 Qc7 21.Bd2 Nc4 22.Bc1 Bxh3 23.Bxg6 Bxd4+  0-1

[Event "32nd Open"]
[Site "Arco ITA"]
[Date "2010.10.18"]
[Round "3"]
[White "Molnar,Be"]
[Black "Morselli,S"]
[Result "1-0"]
[WhiteElo "2330"]
[BlackElo "1924"]

1.e4 g6 2.d4 Bg7 3.Nc3 d6 4.Bg5 h6 5.Be3 Nf6 6.Be2 Nbd7 7.Qd2 e5 8.dxe5 Nxe5
9.h3 Be6 10.O-O-O Bc4 11.f4 Bxe2 12.Qxe2 Ned7 13.e5 dxe5 14.fxe5 Nh5 15.e6 fxe6
16.Qd3 O-O 17.Qxg6 Nf4 18.Bxf4 Rxf4 19.Qxe6+ Rf7 20.Nf3 Qf6 21.Qxf6 Nxf6
22.Ne5 Rff8 23.Ng6 Rfe8 24.Rhe1 c6 25.Ne7+ Kh7 26.Re6 Nh5 27.Rd7 Nf4 28.Re4 Nxg2
29.Nf5 Rxe4 30.Rxg7+ Kh8 31.Nxe4 Ne3 32.Nf6  1-0

[Event "32nd Open"]
[Site "Arco ITA"]
[Date "2010.10.18"]
[Round "3"]
[White "Aagaard,J"]
[Black "Blasco,D"]
[Result "1-0"]
[WhiteElo "2534"]
[BlackElo "1961"]

1.e4 g6 2.d4 Bg7 3.Nc3 d6 4.Be3 Nd7 5.f4 e6 6.Nf3 Ne7 7.Qd2 b6 8.O-O-O Bb7
9.Kb1 d5 10.e5 a6 11.g4 c5 12.h4 h5 13.gxh5 Rxh5 14.Ne2 Nf5 15.c3 Qe7  1-0

[Event "32nd Open"]
[Site "Arco ITA"]
[Date "2010.10.19"]
[Round "4"]
[White "Bove,A"]
[Black "Camerini,L"]
[Result "1-0"]
[WhiteElo "2397"]
[BlackElo "2100"]

1.e4 d6 2.d4 g6 3.Nc3 Bg7 4.Nf3 a6 5.Be3 e6 6.h4 h6 7.Qd2 Ne7 8.Ne2 Nd7 9.Ng3 Nf6
10.O-O-O b6 11.e5 Nfd5 12.Bd3 Bb7 13.Kb1 Nxe3 14.Qxe3 h5 15.Ne4 Bxe4 16.Qxe4 d5
17.Qe2 Qc8 18.c4 dxc4 19.Be4 b5 20.Ng5 Rb8 21.Qf3 Rf8 22.Nh7 Rh8 23.Ng5 Rf8
24.Nh7 Rh8 25.Nf6+ Kf8 26.g4 hxg4 27.Nxg4 Rh5 28.Ne3 c6 29.Bxg6  1-0

[Event "GM"]
[Site "Skanderborg DEN"]
[Date "2010.10.19"]
[Round "5"]
[White "Pedersen,NicV"]
[Black "Andersen,Jack"]
[Result "1/2-1/2"]
[WhiteElo "2436"]
[BlackElo "2348"]

1.e4 g6 2.d4 Bg7 3.Nc3 d6 4.f4 a6 5.Nf3 Nd7 6.Be3 e6 7.Bd3 Ne7 8.O-O d5 9.Bf2 dxe4
10.Nxe4 Nf6 11.Nxf6+ Bxf6 12.Ne5 O-O 13.Be4 Rb8 14.a4 Qd6 15.c3 Bd7 16.Qf3 Bc6
17.Nxc6 bxc6 18.Qe2 a5 19.Bg3 Nf5 20.Be1 Rb3 21.g4 Ne7 22.Bg3 Qd7 23.Rad1 Bg7
24.Rf2 Nd5 25.Bd3 Rfb8 26.Rd2 Bh6 27.h4 f5 28.h5 Qd6 29.Bc4 R3b7 30.Qf3 Bg7
31.Rde2 Kf8 32.Bh4 Re8 33.Re1 Bf6 34.Bg3 Bg7 35.Rfe2 Rbb8 36.Kh1 Rbd8 37.Bb3 Rb8
38.Bc4 Rbd8 39.Bh4 Rd7 40.hxg6 hxg6 41.Bg5 Rf7 42.gxf5 gxf5 43.Qh5 Bf6 44.Qg6 Bxg5
45.fxg5 Qg3 46.Qh6+ Rg7 47.Qh8+ Rg8 48.Qh6+ Rg7 49.Qh8+ Rg8 50.Qh6+ Rg7 51.Qh8+  1/2-1/2

[Event "Lichtenrader Herbst"]
[Site "Berlin GER"]
[Date "2010.10.23"]
[Round "8"]
[White "Kachibadze,Ge"]
[Black "Syre,C"]
[Result "1-0"]
[WhiteElo "2272"]
[BlackElo "2264"]

1.e4 g6 2.d4 Bg7 3.Nc3 d6 4.Nge2 Nf6 5.h3 O-O 6.Be3 Na6 7.g4 c5 8.Bg2 cxd4
9.Nxd4 Nc5 10.Qd2 Re8 11.Rd1 a6 12.O-O Bd7 13.e5 Nxg4 14.hxg4 Bxe5 15.Nf3 Bxc3
16.Qxc3 Rc8 17.Bh6 Ne6 18.Qd2 Rc4 19.Nh2 Qc7 20.c3 Bc6 21.Be3 Bxg2 22.Kxg2 Qc6+
23.Qd5 Qxd5+ 24.Rxd5 f6 25.f4 Ng7 26.Bd2 b5 27.b3 Rc6 28.f5 Rec8 29.Nf3 gxf5
30.gxf5 Rc5 31.Rxc5 dxc5 32.Nh4 Rd8 33.Bh6 Ne8 34.Be3 Rd5 35.Rf2  1-0

[Event "CONPET Cup 2010"]
[Site "Ploiesti ROU"]
[Date "2010.10.23"]
[Round "1.5"]
[White "Manole,S"]
[Black "Didiliuc,Dariana-Gabriela"]
[Result "1-0"]
[WhiteElo "2032"]
[BlackElo "1425"]

1.e4 d6 2.d4 g6 3.Nc3 Bg7 4.f4 Nf6 5.Nf3 O-O 6.e5 Ng4 7.Bc4 c5 8.dxc5 dxc5
9.Bxf7+ Kxf7 10.Qe2 Qc7 11.Ne4 Nc6 12.O-O Kg8 13.Qc4+ Kh8 14.Nfg5 e6 15.Nxe6 Bxe6
16.Qxe6 Qf7 17.Qxg4 Qc4 18.Qf3 Nd4 19.Qd3 Qxc2 20.Qxc2 Nxc2 21.Rb1  1-0

[Event "Spartak IM"]
[Site "Subotica"]
[Date "2010.10.23"]
[Round "1"]
[White "Ardeleanu,A"]
[Black "Arapovic,V"]
[Result "1/2-1/2"]
[WhiteElo "2401"]
[BlackElo "2401"]

1.d4 g6 2.e4 Bg7 3.Nc3 d6 4.Be3 c6 5.a4 a5 6.Nf3 Nf6 7.h3 O-O 8.e5 dxe5 9.Nxe5 Nd5
10.Nxd5 cxd5 11.Bb5 Nd7 12.Bxd7 Bxd7 13.O-O Bc6 14.Qd2 f6  1/2-1/2

[Event "11th Liberec Open"]
[Site "Liberec CZE"]
[Date "2010.10.25"]
[Round "3"]
[White "Blazek,Ja"]
[Black "Sedlak,Ja"]
[Result "1-0"]
[WhiteElo "1795"]
[BlackElo "1655"]

1.e4 d6 2.d4 g6 3.Nc3 Bg7 4.Nf3 Bg4 5.Be2 c5 6.Be3 Nc6 7.d5 Bxf3 8.Bxf3 Ne5
9.Be2 a6 10.a4 Nd7 11.Qd2 Qa5 12.O-O Bxc3 13.Qxc3 Qxc3 14.bxc3 Ngf6 15.f3 O-O
16.a5 b5 17.axb6 a5 18.b7 Ra7 19.Bb5 e6 20.Bc6 exd5 21.exd5 Nb6 22.Rfd1 Nc4
23.Bg5 Kg7 24.Re1 h6 25.Bf4 Rd8 26.Re7 Rb8 27.Ra4 Kf8 28.Rc7 Nb6 29.Bxd6+ Kg7
30.Ra2 Nfxd5 31.Rxf7+ Kxf7 32.Bxb8  1-0

[Event "11th Liberec Open"]
[Site "Liberec CZE"]
[Date "2010.10.26"]
[Round "4"]
[White "Hollmann,Z"]
[Black "Bulano,A"]
[Result "1/2-1/2"]
[WhiteElo "1981"]
[BlackElo "1788"]

1.e4 d6 2.d4 g6 3.Nc3 Bg7 4.Nf3 Nc6 5.h3 Nf6 6.Bc4 Na5 7.Bd3 O-O 8.O-O Nc6
9.Qe2 e5 10.dxe5 Nxe5 11.Nxe5 dxe5 12.Bg5 c6 13.Rad1 h6 14.Be3 Qa5 15.a3 Be6
16.Qd2 Kh7 17.Kh2 Nh5 18.Ne2 Qc7 19.g4 Nf4 20.Nxf4 exf4 21.Bxf4 Be5 22.Bxe5 Qxe5+
23.f4 Qxb2 24.f5 Ba2 25.c3 Qxa3 26.Ra1 Qd6+ 27.Kg2 Rfd8 28.fxg6+ fxg6 29.Qxa2 Qxd3
30.Qf7+ Kh8 31.Qf6+ Kh7 32.Qe7+ Kh8 33.Rf7 Qe2+ 34.Kh1 Rd1+ 35.Rxd1 Qxd1+
36.Kg2 Qd2+ 37.Kf1 Qd1+ 38.Kg2 Qd2+ 39.Kf1 Qd1+  1/2-1/2

[Event "Uxbridge Premier"]
[Site "Denham ENG"]
[Date "2010.10.27"]
[Round "7"]
[White "Quinn,Jos"]
[Black "Kennedy,C"]
[Result "0-1"]
[WhiteElo "1808"]
[BlackElo "2031"]

1.e4 g6 2.d4 Bg7 3.Nc3 d6 4.Be3 Nc6 5.Nf3 Bg4 6.Bb5 a6 7.Bxc6+ bxc6 8.h3 Bd7
9.O-O Nf6 10.Qd2 O-O 11.Rfe1 Rb8 12.Rab1 Nh5 13.a3 Qc8 14.Bh6 Bxh3 15.gxh3 Qxh3
16.Bxg7 Qg4+ 17.Kf1 Qxf3 18.Kg1 Kxg7 19.Re3 Qg4+ 20.Kh1 f5 21.exf5 Nf4 22.Rg3 Qh4+
23.Kg1 Rxf5 24.Qe3 Rh5 25.Qf3 Rf8 26.Qxc6 Nh3+  0-1

[Event "20th World Seniors"]
[Site "Arco ITA"]
[Date "2010.10.29"]
[Round "4"]
[White "Klundt,K"]
[Black "Tseshkovsky,V"]
[Result "0-1"]
[WhiteElo "2355"]
[BlackElo "2564"]

1.e4 g6 2.d4 Bg7 3.Nc3 d6 4.Nf3 Nf6 5.Be2 O-O 6.O-O c6 7.h3 Nbd7 8.Bf4 Qc7
9.e5 Ne8 10.exd6 Nxd6 11.Re1 Qd8 12.Bd3 Nf6 13.Qe2 Re8 14.Rad1 Bf5 15.Be5 Qc8
16.Qd2 Bxd3 17.Qxd3 Rd8 18.Qe2 b5 19.Bh2 e6 20.Be5 Nc4 21.Bxf6 Bxf6 22.Ne4 Bg7
23.c3 Rd5 24.a4 a6 25.b3 Nd6 26.c4 Nxe4 27.cxd5 Nc3 28.Qc2 cxd5 29.Rc1 b4
30.Qd3 a5 31.Rc2 Ra7 32.g4 Rc7 33.Kg2 Bh6 34.g5 Bg7 35.Rec1 h6 36.h4 Rc6
37.Qd2 e5 38.Nxe5 Bxe5 39.dxe5 Qg4+ 40.Kf1 Qh3+ 41.Kg1 Qg4+ 42.Kf1 Qf3 43.Kg1 d4
44.gxh6 Ne2+ 45.Qxe2 Qxe2 46.Rxe2 Rxc1+ 47.Kg2 d3 48.Rd2 Rc3 49.Kf3 Kh7 50.Ke4 Rxb3
51.h5 gxh5 52.Kf5 Rc3 53.Kf6 b3 54.Kxf7 Rc7+ 55.Kf6 Rb7 56.Rb2 d2 57.Rxd2 b2
58.Rxb2 Rxb2 59.f4 h4 60.e6 h3 61.e7 Re2  0-1

[Event "WY Boys-U14"]
[Site "Porto Carras GRE"]
[Date "2010.10.29"]
[Round "10.9"]
[White "Tran Tuan Minh"]
[Black "Girish,A"]
[Result "1-0"]
[WhiteElo "2227"]
[BlackElo "2342"]

1.d4 g6 2.e4 Bg7 3.Nc3 d6 4.Be3 Nf6 5.f3 O-O 6.Qd2 e5 7.d5 c5 8.dxc6 bxc6
9.O-O-O Ne8 10.h4 Be6 11.h5 Nd7 12.hxg6 fxg6 13.Nh3 Kh8 14.Ng5 Bg8 15.g4 Ndf6
16.Qh2 Qe7 17.Bd3 Nc7 18.Rdg1 Ne6 19.Nxe6 Qxe6 20.Rg3 Qf7 21.Rh3 Rfe8 22.Bg5 a5
23.Bc4 Qa7 24.Bxf6 Bxf6 25.Bxg8 Kxg8 26.Rxh7 Bg7 27.Qe2 Qf7 28.R7h3 a4 29.a3 d5
30.exd5 cxd5 31.Qh2 Qe6 32.Rh8+ Kf7 33.Rxe8 Kxe8 34.Rd1 Ra5 35.Kb1 Kf8 36.Qd2 d4
37.Ne4 Rb5 38.c3 Qb3 39.Qc2 Kg8 40.c4 Rb8 41.c5 Qxf3 42.c6 Rc8 43.Rc1 Rc7
44.Qc4+ Qf7 45.Nd6 Qxc4 46.Rxc4 d3 47.Nb5 Rc8 48.c7 e4 49.Rxe4 d2 50.Kc2 Bxb2
51.Rc4 Be5 52.Kxd2 Kf8 53.Rc5 Bf4+ 54.Kc3 Ke7 55.Kb4 Bd6 56.Nxd6 Kxd6 57.Kb5 Rxc7
58.Rxc7 Kxc7 59.Kxa4 g5 60.Kb5  1-0

[Event "Chigorin Mem Classic Open"]
[Site "St Petersburg RUS"]
[Date "2010.10.29"]
[Round "2"]
[White "Chernobay,A"]
[Black "Pogosian,Vl"]
[Result "1-0"]
[WhiteElo "2468"]
[BlackElo "2199"]

1.e4 g6 2.d4 Bg7 3.Nc3 d6 4.Be3 Nd7 5.Qd2 a6 6.a4 b6 7.Nf3 Bb7 8.Bd3 h6 9.O-O e6
10.h3 Ne7 11.Ne2 Nf6 12.Ng3 d5 13.e5 Ne4 14.Bxe4 dxe4 15.Nh2 Nf5 16.Ng4 Nxe3
17.fxe3 Qg5 18.Kh2 Rd8 19.Qc3 Rd7 20.Nf2 f5 21.exf6 Qxf6 22.Nfxe4 Qe7 23.a5 h5
24.Qd3 h4 25.Ne2 Kd8 26.axb6 cxb6 27.Nf4 Rh6 28.Ng5 Rd6 29.Qa3 Kc8 30.Nf7 Kc7
31.Nxd6 Qxd6 32.Qxd6+ Kxd6 33.Nd3 Ke7 34.Rf2 Rh7 35.Raf1 Bh8 36.Rf8 g5 37.Rb8 Kd6
38.Rff8  1-0

[Event "Spartak IM"]
[Site "Subotica"]
[Date "2010.10.29"]
[Round "9"]
[White "Nestorovic,L"]
[Black "Ardeleanu,A"]
[Result "1-0"]
[WhiteElo "2335"]
[BlackElo "2401"]

1.e4 g6 2.d4 Bg7 3.Nc3 d6 4.Bg5 c6 5.Qd2 b5 6.f4 Nd7 7.Nf3 Nb6 8.Bd3 Bg4
9.e5 d5 10.f5 Bxf5 11.Bxf5 gxf5 12.Qf4 Qd7 13.Ne2 f6 14.Bh4 Bh6 15.Qg3 Nc4
16.Nf4 O-O-O 17.O-O Nxb2 18.Rfb1 Na4 19.Rb3 Nb6 20.Nd3 Na4 21.Qe1 Kb7 22.Qa5 Ka8
23.e6 Be3+ 24.Kh1 Qc8 25.Nb4 Nh6 26.Rxe3 f4 27.Rb3 Qxe6 28.Na6 Qd7 29.Nc7+ Kb7
30.Nxb5 cxb5 31.Qxa4 a6 32.Rab1 Kb6 33.Be1 Rb8 34.Qa5+ Ka7 35.Bb4 Rhc8 36.Bc5+ Rxc5
37.dxc5 e5 38.a4  1-0

[Event "20th World Seniors"]
[Site "Arco ITA"]
[Date "2010.10.30"]
[Round "5"]
[White "Acers,J"]
[Black "Chernikov,O1"]
[Result "1/2-1/2"]
[WhiteElo "2231"]
[BlackElo "2425"]

1.d4 d6 2.e4 g6 3.Nc3 Bg7 4.Be3 a6 5.f4 b5 6.a3 Bb7 7.Nf3 Nf6 8.Bd3 Nbd7
9.d5 c6 10.dxc6 Bxc6 11.Bd4 O-O 12.Qe2 Re8 13.O-O-O e5 14.fxe5 dxe5 15.Be3 Qc7
16.Rhf1 Qb7 17.Ng5 Rf8 18.h3 b4 19.axb4 Qxb4 20.Bc4 Rab8 21.Bb3 Nc5 22.Bxc5 Qxc5
23.Qf2 Qb4 24.Qh4 h6 25.Nxf7 Rxf7 26.Rxf6 Bxf6 27.Qxf6 Qxb3 28.Qxg6+ Rg7
29.Qxg7+ Kxg7 30.cxb3 Rb4 31.Re1 Rxb3 32.Re3 a5 33.Rg3+ Kf7 34.Rf3+ Ke6 35.Rg3 Kf7
36.Rg4 a4 37.Kc2 Rb4 38.Rh4 Kg6 39.Rg4+ Kf7 40.g3 Rd4 41.Rh4 Kg6 42.Rg4+ Kf7
43.Nd5 h5 44.Rg5 Rxe4 45.Nc3 Re3 46.Kd2 Rf3 47.Rxe5 Rxg3 48.Rxh5 Rg2+ 49.Kc1 Rh2
50.h4 Rh3 51.Rc5 Bd7 52.Rc7 Ke7 53.Nxa4 Rxh4 54.Nb6 Kd6 55.Rxd7+ Kc6 56.Rd5 Kxb6
57.Kc2 Rh3 58.Kb1 Kc6 59.Rg5 Kb6 60.Ka2 Rh1 61.Ka3 Rh3+ 62.b3 Rh4 63.b4 Rh1
64.Ka4 Ra1+ 65.Kb3 Rb1+ 66.Kc4 Rc1+ 67.Kb3 Rb1+ 68.Ka4 Ra1+ 69.Kb3 Rb1+ 70.Kc3 Rc1+
71.Kb2 Rh1 72.Kb3 Rb1+ 73.Ka4 Ra1+ 74.Kb3 Rb1+ 75.Kc3 Rc1+ 76.Kb2 Rh1 77.Kb3 Rb1+  1/2-1/2

[Event "WY Boys-U18"]
[Site "Porto Carras GRE"]
[Date "2010.10.30"]
[Round "11.17"]
[White "Martin Fuentes,A"]
[Black "Terry,R"]
[Result "0-1"]
[WhiteElo "2316"]
[BlackElo "2434"]

1.e4 g6 2.d4 Bg7 3.Nc3 d6 4.Be3 c6 5.Qd2 Nd7 6.f3 Qc7 7.g4 b5 8.O-O-O Nb6
9.Bd3 Rb8 10.h4 h6 11.Nh3 Bd7 12.Qf2 b4 13.Ne2 Na4 14.h5 g5 15.b3 Nc3 16.Nxc3 bxc3
17.Kb1 Qa5 18.Ng1 Rb4 19.Ne2 c5 20.e5 c4 21.Be4 d5 22.Bxd5 Qxd5 23.Nxc3 Qb7
24.f4 cxb3 25.cxb3 Bxg4 26.Rc1 gxf4 27.Qxf4 Be6 28.Qg3 Bf6 29.exf6 Nxf6 30.d5 Rg8
31.Qe1 Nxd5 32.Nxd5 Bxd5 33.Rh2 f6 34.Bc5 Re4 35.Qd2 Rg5 36.Rc3 Kf7 37.Be3 Rg8
38.Bxh6 a5 39.Rc5 Be6 40.Qxa5 Rb4 41.Rc3 Qe4+ 42.Kb2 Rd4 43.Rf2 Rd1 44.Rcc2 Ra8
45.Qc5 Rxa2+ 46.Kxa2 Qa4+ 47.Qa3 Bxb3+ 48.Kb2 Rb1+ 49.Kxb1 Qxa3 50.Rb2 Bd5
51.Rbe2 Be4+  0-1

[Event "Chigorin Mem Classic Open"]
[Site "St Petersburg RUS"]
[Date "2010.10.30"]
[Round "3"]
[White "Korchmar,V"]
[Black "Ivanov,Sergei V."]
[Result "1-0"]
[WhiteElo "2214"]
[BlackElo "2042"]

1.e4 d6 2.d4 g6 3.Nc3 Bg7 4.h3 Nf6 5.Nf3 O-O 6.Be3 Nc6 7.d5 Ne5 8.Nxe5 dxe5
9.Qd2 c6 10.dxc6 Qxd2+ 11.Bxd2 bxc6 12.O-O-O Be6 13.Ba6 Rfb8 14.Be3 Nd7 15.b3 f5
16.f3 Kf7 17.Rd2 Ke8 18.g4 Nb6 19.gxf5 gxf5 20.Rg1 Bf6 21.a4 Nc8 22.exf5 Bf7
23.Ne4 Nb6 24.c4 Nd7 25.Kc2 Bh5 26.Rg8+ Nf8 27.Nxf6+ exf6 28.Bc5 Kf7 29.Rdg2 Ne6
30.fxe6+ Kxe6 31.R8g7  1-0

[Event "VII Open"]
[Site "Figueira da Foz POR"]
[Date "2010.10.31"]
[Round "1.8"]
[White "Felicio,F"]
[Black "Todorov,Todor"]
[Result "0-1"]
[WhiteElo "1920"]
[BlackElo "2487"]

1.d4 d6 2.e4 g6 3.Nc3 Bg7 4.Be3 a6 5.Be2 Nd7 6.Qd2 b5 7.a3 Bb7 8.f3 c5 9.Nh3 Ngf6
10.Rd1 O-O 11.O-O cxd4 12.Bxd4 Rc8 13.Nf2 Nb6 14.Qe3 Nc4 15.Bxc4 Rxc4 16.e5 dxe5
17.Bxe5 Qc8 18.Rd2 Qe6 19.Re1 Rh4 20.Bg3 Qxe3 21.Rxe3 Rc4 22.Rxe7 Bc8 23.Rd6 a5
24.Be5 Be6 25.b3 Rcc8 26.Rb6 Nd7 27.Bxg7 Nxb6 28.Bxf8 Kxf8 29.Rb7 Rxc3 30.Rxb6 a4
31.bxa4 bxa4 32.Ne4 Rxc2 33.Rb4 Bb3 34.Rb5 Ra2 35.Nc5 Rxa3 36.Rb4 Ke7 37.Kf1 Kd6
38.Ne4+ Kc6 39.Nd2 Bd5 40.Rb1 Rc3 41.Ke2 a3 42.Ra1 a2 43.Nf1 Kc5 44.Kd2 Kb4
45.Ne3 Bb3 46.Re1 Rc8 47.Ra1 Rd8+ 48.Kc1 Kc3 49.h3 Rd3  0-1